Rahsia di sebalik surah al-Falaq

Bibliographic Details
Main Author: Ariffin Omar
Format: Book
Published: Kuala Lumpur : Cahaya Pantai , 1994
Subjects:

MARC

LEADER 00000cam a2200000 7i4500
001 0000003554
002 000003824
005 20000330.0
020 |a 9839759078 
090 0 0 |a 297.1229   |b ARI 
100 0 |a Ariffin Omar 
245 1 0 |a Rahsia di sebalik surah al-Falaq   |c Ariffin Omar 
260 |a Kuala Lumpur :   |b Cahaya Pantai ,   |c 1994 
300 |a 112p. ;   |c 21cm. 
650 0 0 |a Quran   |x Surah al-Falaq 
999 |a 037004   |b BUKU   |c PINJAMAN   |e PERPUSTAKAAN KOMUNITI PETALING JAYA